000 00794nam a2200265 a 4500
001 79831
003 BD-RjUL
005 20220523112253.0
008 150528b enk j 000|1|eng|d
035 _a(BD-RjUL)79831
040 _aStDuBDS
_beng
_erda
_cStDuBDS
_dUk
_dBD-RjUL
_dUkOxU
041 _aeng
082 0 4 _223
_a813.4
_bALJ
100 1 _aAlcott, Louisa May,
_d1832-1888,
_eauthor.
_93126
245 1 0 _aJo's boys /
_cLouisa May Alcott.
264 1 _aLondon :
_bBlackie & Ltd.,
300 _a304 pages ;
_c18 cm
336 _atext
_2rdacontent
337 _aunmediated
_2rdamedia
338 _avolume
_2rdacarrier
600 1 0 _aMarch, Jo
_c(Fictitious character)
_93127
650 0 _aMarch family (Fictitious characters)
_vJuvenile fiction.
_93128
942 _2ddc
_cBK
999 _c79831
_d79831